[Event "Michigan Novice"]
[Site "Auburn Hills"]
[Date "2005.01.16"]
[Round "5.15"]
[White "Howard, Edward"]
[Black "Matthews, Gage"]
[Result "1-0"]
[WhiteElo "805"]
[BlackElo "219"]
[PlyCount "21"]
[EventDate "2005.01.15"]
[EventType "swiss"]
[EventRounds "5"]
[EventCountry "USA"]
[SourceTitle "EXT 2006"]
[Source "ChessBase"]
[SourceDate "2005.11.24"]
[SourceVersion "1"]
[SourceVersionDate "2005.11.24"]
[SourceQuality "1"]

1. e4 d5 2. exd5 Qxd5 3. Nc3 Qe6+ 4. Qe2 Qc6 5. Qf3 Qa6 6. Bxa6 bxa6 7. Qxa8 g6 8. Qxb8 Kd8 9. Nd5 e6 10. Qxc7+ Ke8 11. Qxc8# 1-0